Δυτική Ευρώπη - Κουίζ Χάρτη - Statistics

General Stats
  • This quiz has been taken 47 times
  • The average score is 21 of 24
Answers on the Map
Answers color-coded by a green-red scale on the quiz's map according to % correct below.
 
Answer Stats
Answer % Correct
Ηνωμένο Βασίλειο
94%
Ισπανία
94%
Ισλανδία
91%
Δανία
91%
Σουηδία
91%
Ελλάδα
91%
Πορτογαλία
91%
Γαλλία
91%
Ιρλανδία
88%
Νορβηγία
88%
Μάλτα
88%
Ιταλία
88%
Γερμανία
88%
Φινλανδία
84%
Βέλγιο
84%
Ελβετία
84%
Βατικανό
84%
Ανδόρρα
84%
Αυστρία
81%
Λιχτενστάιν
81%
Μονακό
81%
Ολλανδία
78%
Λουξεμβούργο
75%
Άγιος Μαρίνος
75%
No matching quizzes found
Score Distribution
Percent of People with Each Score
Percentile by Number Answered
Your Score History
You have not taken this quiz